000 00351nam a2200133Ia 4500
005 20260326235444.0
008 260326s9999||||xx |||||||||||||| ||und||
100 _aPeñaherrera Mateus, Andrés
245 0 _aQuito Eterno /
_cAndrés Peñaherrera Mateus
260 _bParalelo Cero
300 _a377 p.
650 _aARQUITECTURA REGIONAL
942 _cBK
999 _c7510
_d7510